书目信息 |
| 题名: |
区块链社区运营手册
|
|
| 作者: | 万晓燕 , 孙航 , 王征 著 | |
| 分册: | ||
| 出版信息: | 北京 机械工业出版社 2019 |
|
| 页数: | 171页 | |
| 开本: | 21cm | |
| 丛书名: | ||
| 单 册: | ||
| 中图分类: | F713.361.3-62 , TP393.407-62 , F713.36 | |
| 科图分类: | ||
| 主题词: | 电子商务--支付方式--手册 , 互联网络--计算机网络管理--手册 | |
| 电子资源: | ||
| ISBN: | 978-7-111-62096-9 | |
| 000 | 01400nam0 2200325 450 | |
| 001 | 2260427489 | |
| 005 | 20220922164726.10 | |
| 010 | @a978-7-111-62096-9@dCNY49.00 | |
| 100 | @a20190508d2019 em y0chiy50 ea | |
| 101 | 0 | @achi |
| 102 | @aCN@b110000 | |
| 105 | @ay z 000yy | |
| 200 | 1 | @a区块链社区运营手册@9qu kuai lian she qu yun ying shou ce@dBlockchain community operations textbook@f万晓燕,孙航,王征著@zeng |
| 210 | @a北京@c机械工业出版社@d2019 | |
| 215 | @a171页@d21cm | |
| 314 | @a万晓燕,女,DIPNET社区发起者,个人IP专家,连续创业者,现任通证科技首席运营官。中国政法大学MBA。 | |
| 314 | @a孙航,男,创建国内首个关注能源黑科技的工作室——“能源链”。 | |
| 314 | @a王征,男,DIPNET社区理事,通证金融与区块链技术研究院研究员。 | |
| 330 | @a本书讨论区块链社区的运营之道。首先概述社区的定义、发展史及价值,然后介绍不同时期的社区形态;之后重点围绕区块链社区,包括社区的治理、激励、生态,分享运营策略与技巧,并立足于此展望了未来的组织机构;最后深入剖析了BTC、ETH、NEO、EOS四个经典案例。 | |
| 510 | 1 | @aBlockchain community operations textbook@zeng |
| 606 | 0 | @a电子商务@x支付方式@j手册 |
| 606 | 0 | @a互联网络@x计算机网络管理@j手册 |
| 690 | @aF713.361.3-62@v5 | |
| 690 | @aTP393.407-62@v5 | |
| 690 | @aF713.36@v4 | |
| 701 | 0 | @a万晓燕@9wan xiao yan@4著 |
| 701 | 0 | @a孙航@9sun hang@4著 |
| 701 | 0 | @a王征@9wang zheng@4著 |
| 801 | 0 | @aCN@b91MARC@c20190508 |
| 905 | @aZUCC@dF713.36@e458 | |
| 区块链社区运营手册=Blockchain community operations textbook/万晓燕,孙航,王征著.-北京:机械工业出版社,2019 |
| 171页;21cm |
| ISBN 978-7-111-62096-9:CNY49.00 |
| 本书讨论区块链社区的运营之道。首先概述社区的定义、发展史及价值,然后介绍不同时期的社区形态;之后重点围绕区块链社区,包括社区的治理、激励、生态,分享运营策略与技巧,并立足于此展望了未来的组织机构;最后深入剖析了BTC、ETH、NEO、EOS四个经典案例。 |
| ● |
| 相关链接 |
|
|
|
正题名:区块链社区运营手册
索取号:F713.36/458
 
预约/预借
| 序号 | 登录号 | 条形码 | 馆藏地/架位号 | 状态 | 备注 |
| 1 | 2000902489 | 2000902489 | 第三书库/ [索取号:F713.36/458] | 在馆 | |
| 2 | 2000902490 | 2000902490 | 第三书库/ [索取号:F713.36/458] | 在馆 | |
| 3 | 2000902491 | 2000902491 | 第三书库/ [索取号:F713.36/458] | 在馆 |